[Event "DVM U20w 2020"]
[Site "Willingen GER"]
[Date "2021.06.24"]
[Round "1"]
[White "Gossing, Marie-Sophie"]
[Black "Krömer, Paulina"]
[Result "0-1"]
[Termination "normal"]
[Board "5.3"]
[WhiteElo "1269"]
[BlackElo "1539"]
[WhiteClock "01:18:52"]
[BlackClock "01:29:58"]
[WhiteTeam "Lübecker SV von 1873"]
[BlackTeam "Erfurter Schachklub"]
[PlyCount "100"]
[WhiteFideId "16217284"]
[BlackFideId "16212363"]
[EventCountry "GER"]
[EventRounds "7"]
[EventType "team-swiss"]
[EventDate "2021.06.23"]

{[%evp 0,100,20,20,62,21,33,-19,66,64,95,60,58,44,38,34,34,37,47,14,17,19,27,
-20,-3,-7,-7,3,0,-25,-6,-26,-7,-11,-2,10,6,-36,10,-11,52,28,62,46,79,75,112,
112,243,212,196,98,108,116,113,111,100,94,504,85,90,92,77,74,77,80,86,74,82,76,
73,76,66,60,70,70,72,72,72,74,72,79,88,63,75,24,33,0,0,0,0,-36,-40,-130,-132,
-125,-120,-239,-238,-274,-281,-304,-351]} 1. e4 c5 2. d4 cxd4 3. c3 d3 4. Bxd3
g6 5. Ne2 Bg7 6. O-O Nc6 7. Be3 Nf6 8. Nd2 d5 9. f4 dxe4 10. Nxe4 O-O 11. N2g3
Ng4 12. Qe2 Nxe3 13. Qxe3 Nb4 14. Rad1 Nxd3 15. Rxd3 Qa5 16. a3 b6 17. Rfd1 Qb5
18. Qf2 f5 19. Ng5 h6 20. Nf3 Be6 21. Re3 Bb3 22. Rde1 e6 23. Ne2 Rfe8 24. Ned4
Qa4 25. Nxe6 Bxe6 26. Rxe6 Rxe6 27. Rxe6 Kf7 28. Qe2 Bf6 29. Re3 Rd8 30. g3
Qd1+ 31. Qe1 Qb3 32. Qe2 Qd1+ 33. Qxd1 Rxd1+ 34. Re1 Rxe1+ 35. Nxe1 Ke6 36. Kf2
Kd5 37. Ke2 Ke4 38. Nd3 a5 39. Nf2+ Kd5 40. Kd3 b5 41. b3 Be7 42. a4 bxa4 43.
bxa4 Bc5 44. Nd1 Bg1 45. h4 h5 46. c4+ Kc5 47. Kc3 Bh2 48. Ne3 Bxg3 49. Ng2 Bf2
50. Kb3 Kd4 0-1

[Event "DVM U20w 2020"]
[Site "Willingen GER"]
[Date "2021.06.24"]
[Round "1"]
[White "Pflugradt, Natalie"]
[Black "Hellenbroich, Helene"]
[Result "1/2-1/2"]
[Termination "normal"]
[Board "5.4"]
[WhiteElo "1539"]
[BlackElo "1358"]
[WhiteClock "00:07:56"]
[BlackClock "00:13:40"]
[WhiteTeam "Erfurter Schachklub"]
[BlackTeam "Lübecker SV von 1873"]
[PlyCount "44"]
[WhiteFideId "16212444"]
[BlackFideId "16270754"]
[EventCountry "GER"]
[EventRounds "7"]
[EventType "team-swiss"]
[EventDate "2021.06.23"]

1. e4 {[%clk 01:30:57]} {[%emt 00:00:03]} e6 {[%clk 01:30:50]} {[%emt
00:00:10]} 2. d4 {[%clk 01:31:08]} {[%emt 00:00:18]} d5 {[%clk 01:31:13]}
{[%emt 00:00:08]} 3. e5 {[%clk 01:30:54]} {[%emt 00:00:44]} c5 {[%clk
01:31:33]} {[%emt 00:00:10]} 4. Nf3 {[%emt 00:09:05]} Nc6 {[%clk 01:29:14]} 5.
b3 {[%clk 01:20:58]} {[%emt 00:18:15]} a6 6. Bb2 Nge7 {[%clk 01:18:03]} {[%emt
00:01:56]} 7. Nbd2 {[%clk 00:55:24]} {[%emt 00:23:13]} Nf5 {[%clk 01:08:27]}
{[%emt 00:10:05]} 8. c3 {[%clk 00:42:35]} {[%emt 00:13:20]} b5 {[%clk
01:02:14]} {[%emt 00:06:43]} 9. Bd3 {[%clk 00:35:28]} {[%emt 00:07:37]} c4
{[%clk 00:53:14]} {[%emt 00:09:30]} 10. Bc2 {[%emt 00:03:49]} Be7 {[%clk
00:42:55]} {[%emt 00:10:49]} 11. b4 {[%clk 00:25:39]} {[%emt 00:07:01]} a5
{[%clk 00:38:36]} {[%emt 00:04:48]} 12. a3 {[%clk 00:16:10]} {[%emt 00:10:00]}
a4 {[%clk 00:36:21]} {[%emt 00:02:45]} 13. Nf1 {[%clk 00:16:12]} {[%emt
00:00:27]} Bh4 {[%clk 00:32:25]} {[%emt 00:04:26]} 14. Bc1 {[%clk 00:15:02]}
{[%emt 00:01:40]} h6 {[%clk 00:27:18]} {[%emt 00:05:38]} 15. g3 {[%clk
00:11:58]} {[%emt 00:03:33]} Be7 {[%clk 00:26:40]} {[%emt 00:01:06]} 16. Ne3
{[%clk 00:10:55]} {[%emt 00:01:35]} Ra7 {[%clk 00:22:15]} {[%emt 00:04:56]} 17.
Bd2 {[%clk 00:09:14]} {[%emt 00:02:11]} Rb7 {[%clk 00:17:21]} {[%emt 00:05:23]}
18. Qe2 {[%clk 00:08:10]} {[%emt 00:01:32]} h5 {[%clk 00:14:31]} {[%emt
00:03:21]} 19. h4 {[%clk 00:07:56]} {[%emt 00:00:44]} g6 {[%clk 00:13:40]} 20.
Nxf5 {[%clk 00:07:56]} exf5 {[%clk 00:13:40]} 21. Bg5 {[%clk 00:07:56]} Bxg5
{[%clk 00:13:40]} 22. Nxg5 {[%clk 00:07:56]} Re7 {[%clk 00:13:40]} 1/2-1/2

[Event "DVM U20w 2020"]
[Site "Willingen GER"]
[Date "2021.06.24"]
[Round "1"]
[White "Brunner, Sophia"]
[Black "Stelter, Finja"]
[Result "1-0"]
[Termination "normal"]
[Board "6.1"]
[WhiteElo "1892"]
[BlackElo "1133"]
[WhiteTeam "SK Nordhorn-Blanke"]
[BlackTeam "SK Lehrte von 1919 e. V."]
[PlyCount "107"]
[WhiteFideId "12960683"]
[BlackFideId "16298624"]
[EventCountry "GER"]
[EventRounds "7"]
[EventType "team-swiss"]
[EventDate "2021.06.23"]

1. d4 Nf6 2. Nf3 e6 3. g3 b5 4. Bg2 Bb7 5. O-O c5 6. b3 a6 7. Bb2 Be7 8. Nbd2
O-O 9. c4 Nc6 10. Re1 Qb6 11. e3 cxd4 12. Nxd4 Bb4 13. cxb5 axb5 14. Nxc6 Bxd2
15. Ne7+ Kh8 16. Qxd2 Bxg2 17. Kxg2 Qb7+ 18. f3 d5 19. Bxf6 gxf6 20. Nxd5 Qxd5
21. Qxd5 exd5 22. Red1 Rfe8 23. Kf2 Red8 24. a3 Rac8 25. Rdc1 Kg7 26. Ke2 Rxc1
27. Rxc1 Ra8 28. Ra1 Kg6 29. Kd3 Kf5 30. Kd4 Ke6 31. Kc5 Rb8 32. Kb4 Ke5 33.
Rc1 f5 34. Rc5 h5 35. Rxb5 Rxb5+ 36. Kxb5 d4 37. exd4+ Kxd4 38. a4 Ke3 39. f4
h4 40. gxh4 Kxf4 41. a5 Kg4 42. a6 f4 43. a7 f3 44. a8=Q f5 45. h5 Kxh5 46.
Qxf3+ Kg5 47. Kc5 f4 48. Kd5 Kf5 49. h4 Kg6 50. Qxf4 Kg7 51. h5 Kh7 52. Qf6 Kg8
53. h6 Kh7 54. Qg7# 1-0

[Event "DVM U20w 2020"]
[Site "Willingen GER"]
[Date "2021.06.24"]
[Round "1"]
[White "Thiele, Lea-Marie"]
[Black "Rudolph, Eva"]
[Result "0-1"]
[Termination "normal"]
[Board "6.2"]
[WhiteElo "1263"]
[BlackElo "1860"]
[WhiteTeam "SK Lehrte von 1919 e. V."]
[BlackTeam "SK Nordhorn-Blanke"]
[PlyCount "114"]
[WhiteFideId "16298616"]
[BlackFideId "16200594"]
[EventCountry "GER"]
[EventRounds "7"]
[EventType "team-swiss"]
[EventDate "2021.06.23"]

1. d4 d5 2. c4 e6 3. Nc3 dxc4 4. e3 a6 5. Bxc4 b5 6. Bd3 Nf6 7. Qe2 Bb7 8. Nf3
c5 9. O-O Nc6 10. Nxb5 axb5 11. Bxb5 Qb6 12. Ne5 Be7 13. Bxc6+ Bxc6 14. Nxc6
Qxc6 15. dxc5 Qxc5 16. Qf3 O-O 17. Bd2 Rfb8 18. Rfb1 Nd5 19. a3 Bf6 20. Ra2 Qc2
21. Qd1 Qxd1+ 22. Rxd1 Rxb2 23. Rxb2 Bxb2 24. Bb4 Nxb4 25. axb4 Ra1 26. Rxa1
Bxa1 27. b5 Be5 28. g3 Kf8 29. Kf1 Ke7 30. Ke2 Kd6 31. f4 Bb2 32. h3 Kc5 33. g4
Kxb5 34. e4 Kc5 35. f5 exf5 36. exf5 Kd5 37. Kf3 Ke5 38. h4 h5 39. Kg3 Bc1 40.
Kf3 Bd2 41. Ke2 hxg4 42. Kxd2 Kxf5 43. Ke2 Kf4 44. Kf2 f5 45. Kg2 g3 46. h5 Kg4
47. h6 gxh6 48. Kg1 Kh3 49. Kh1 g2+ 50. Kg1 h5 51. Kf2 Kh2 52. Kf3 g1=Q 53. Kf4
Qg4+ 54. Ke5 f4 55. Ke4 f3+ 56. Kd5 f2 57. Ke5 f1=R 0-1

[Event "DVM U20w 2020"]
[Site "Willingen GER"]
[Date "2021.06.24"]
[Round "1"]
[White "Wilmink, Anna"]
[Black "Daoud, Shahnaz"]
[Result "1-0"]
[Termination "normal"]
[Board "6.3"]
[WhiteElo "1552"]
[BlackElo "1145"]
[WhiteTeam "SK Nordhorn-Blanke"]
[BlackTeam "SK Lehrte von 1919 e. V."]
[PlyCount "67"]
[WhiteFideId "16273680"]
[BlackFideId "16297750"]
[EventCountry "GER"]
[EventRounds "7"]
[EventType "team-swiss"]
[EventDate "2021.06.23"]

1. d4 d5 2. g3 Nf6 3. Bg2 Nc6 4. Nf3 e6 5. O-O Bd6 6. Bf4 Bd7 7. Bxd6 cxd6 8.
c3 Qc8 9. Re1 O-O 10. Nbd2 e5 11. e4 Re8 12. exd5 Nxd5 13. dxe5 dxe5 14. Ne4
Nf6 15. Nd6 Qc7 16. Nxe8 Rxe8 17. Qc2 Bg4 18. h3 Bxf3 19. Bxf3 Re6 20. Bxc6
Qxc6 21. Rad1 Qc7 22. Re2 g6 23. Red2 Re8 24. Rd6 Kg7 25. Qd3 b6 26. Qf3 Re6
27. Rxe6 fxe6 28. Qd3 e4 29. Qd6 Qc4 30. Qe7+ Kh6 31. Qxf6 Qxa2 32. Qf4+ Kg7
33. Rd7+ Kg8 34. Qb8# 1-0

[Event "DVM U20w 2020"]
[Site "Willingen GER"]
[Date "2021.06.24"]
[Round "1"]
[White "Ulrich, Helena Irene"]
[Black "de Veer, Mara"]
[Result "0-1"]
[Termination "normal"]
[Board "7.1"]
[WhiteElo "1586"]
[BlackElo "1445"]
[WhiteTeam "SC Borussia Lichtenberg 1"]
[BlackTeam "SC Borussia Lichtenberg 2"]
[PlyCount "46"]
[WhiteFideId "16256000"]
[BlackFideId "16217349"]
[EventCountry "GER"]
[EventRounds "7"]
[EventType "team-swiss"]
[EventDate "2021.06.23"]

1. e4 c6 2. d4 d5 3. exd5 cxd5 4. Bd3 Nc6 5. c3 Qc7 6. Qb3 e6 7. Nf3 Nf6 8. Bg5
Be7 9. Nbd2 h6 10. Bh4 g5 11. Bg3 Bd6 12. Bxd6 Qxd6 13. O-O-O Qc7 14. Qc2 Bd7
15. Rde1 O-O-O 16. Rhf1 Rdg8 17. g3 Be8 18. Nb3 Nd7 19. Qe2 Nb4 20. Kb1 Nxd3
21. Qxd3 g4 22. Ne5 f6 23. Nxd7 Bg6 0-1

[Event "DVM U20w 2020"]
[Site "Willingen GER"]
[Date "2021.06.24"]
[Round "1"]
[White "Kampa, Lavinia"]
[Black "Relógio Stauber, Anna"]
[Result "0-1"]
[Termination "normal"]
[Board "7.2"]
[WhiteElo "1436"]
[BlackElo "1229"]
[WhiteTeam "SC Borussia Lichtenberg 2"]
[BlackTeam "SC Borussia Lichtenberg 1"]
[PlyCount "120"]
[WhiteFideId "34606068"]
[BlackFideId "16255771"]
[EventCountry "GER"]
[EventRounds "7"]
[EventType "team-swiss"]
[EventDate "2021.06.23"]

1. e4 c6 2. d4 d5 3. exd5 cxd5 4. Nc3 Bf5 5. Nf3 e6 6. Bf4 Bd6 7. Bxd6 Qxd6 8.
Qd2 Nf6 9. Bb5+ Nc6 10. Ne5 O-O 11. Bxc6 bxc6 12. O-O-O Rab8 13. Na4 Rfc8 14.
f3 h6 15. Nc5 Rb6 16. Qa5 Qc7 17. Rhe1 Rb5 18. Qxc7 Rxc7 19. g4 Bh7 20. Re3 Rc8
21. Rb3 Rxb3 22. Nxb3 Ne8 23. Na5 Nd6 24. Naxc6 Kf8 25. Nxa7 Rxc2+ 26. Kb1 Rc7+
27. Ka1 Rxa7 28. b3 Bc2 29. Rc1 Bxb3 30. Rc3 Bxa2 31. Rc6 Bc4+ 32. Kb2 Rb7+ 33.
Kc3 Nb5+ 34. Kd2 Nxd4 35. Rd6 Nb3+ 36. Ke3 Ke7 37. Rc6 Na5 38. Rc8 Kf6 39. Nxc4
Nxc4+ 40. Kd4 Ne5 41. Ke3 Rb3+ 42. Ke2 Nxf3 43. h3 Ng1+ 44. Kf1 Nxh3 45. Kg2
Nf4+ 46. Kf2 h5 47. gxh5 Nxh5 48. Rh8 Kg6 49. Ke2 d4 50. Rd8 Nf4+ 51. Kd2 Rb2+
52. Kc1 Nd3+ 53. Kd1 Nf2+ 54. Kc1 Rb4 55. Kd2 e5 56. Ke2 Rb2+ 57. Kf3 d3 58.
Ke3 e4 59. Rh8 d2 60. Kf4 d1=Q 0-1

[Event "DVM U20w 2020"]
[Site "Willingen GER"]
[Date "2021.06.24"]
[Round "1"]
[White "Hafermann, Lara"]
[Black "Kessen, Fanny"]
[Result "1-0"]
[Termination "normal"]
[Board "7.3"]
[WhiteElo "1323"]
[BlackElo "1274"]
[WhiteTeam "SC Borussia Lichtenberg 1"]
[BlackTeam "SC Borussia Lichtenberg 2"]
[PlyCount "47"]
[WhiteFideId "16298306"]
[BlackFideId "16217357"]
[EventCountry "GER"]
[EventRounds "7"]
[EventType "team-swiss"]
[EventDate "2021.06.23"]

1. Nf3 d5 2. c4 e6 3. g3 Nf6 4. Bg2 b6 5. O-O Bb7 6. b3 Bd6 7. Bb2 O-O 8. d3
Nbd7 9. Nbd2 Re8 10. d4 c5 11. e3 Rc8 12. Ne5 Qc7 13. f4 h6 14. Rc1 Qd8 15. g4
Nh7 16. g5 hxg5 17. Qh5 Nxe5 18. fxe5 g6 19. Qf3 f5 20. exd6 Qxd6 21. Qg3 Qe7
22. dxc5 bxc5 23. Qe5 Nf6 24. Qxf6 1-0

[Event "DVM U20w 2020"]
[Site "Willingen GER"]
[Date "2021.06.25"]
[Round "4"]
[White "Dietz, Kristin"]
[Black "Doll, Rebecca"]
[Result "1-0"]
[Termination "normal"]
[Board "1.1"]
[WhiteElo "1911"]
[BlackElo "1762"]
[WhiteClock "00:58:54"]
[BlackClock "00:18:09"]
[WhiteTeam "USV Halle"]
[BlackTeam "OSG Baden-Baden"]
[PlyCount "59"]
[WhiteFideId "12993743"]
[BlackFideId "16236890"]
[EventCountry "GER"]
[EventRounds "7"]
[EventType "team-swiss"]
[EventDate "2021.06.23"]

1. e4 {[%clk 01:30:59]} 1... e5 {[%clk 01:30:53]  [%emt 00:00:08]} 2. Nf3 {
[%clk 01:31:24]  [%emt 00:00:04]} 2... Nc6 {[%clk 01:31:14]  [%emt 00:00:09]}
3. Bb5 {[%clk 01:31:45]  [%emt 00:00:09]} 3... a6 { [%clk 01:31:39]  [%emt
00:00:05]} 4. Ba4 {[%clk 01:32:11]  [%emt 00:00:05]} 4... d6 {[%clk 01:32:04] 
[%emt 00:00:05]} 5. c3 { [%clk 01:32:35]  [%emt 00:00:05]} 5... f5 {[%clk
01:32:29]  [%emt 00:00:06]} 6. exf5 {[%clk 01:32:43]  [%emt 00:00:22]} 6...
Bxf5 { [%clk 01:32:53]  [%emt 00:00:06]} 7. O-O {[%clk 01:33:08]  [%emt
00:00:04]} 7... Bd3 {[%clk 01:33:17]  [%emt 00:00:06]} 8. Re1 { [%clk 01:33:34]
 [%emt 00:00:04]} 8... Be7 {[%clk 01:33:30]  [%emt 00:00:18]} 9. Bc2 {[%clk
01:33:55]  [%emt 00:00:09]} 9... Bxc2 { [%clk 01:33:40]  [%emt 00:00:21]} 10.
Qxc2 {[%clk 01:34:20]  [%emt 00:00:04]} 10... Nf6 {[%clk 01:33:24]  [%emt
00:00:46]} 11. d4 { [%clk 01:34:35]  [%emt 00:00:15]} 11... e4 {[%clk 01:32:55]
 [%emt 00:00:59]} 12. Ng5 {[%clk 01:34:55]  [%emt 00:00:09]} 12... d5 { [%clk
01:32:44]  [%emt 00:00:42]} 13. f3 {[%clk 01:35:13]  [%emt 00:00:12]} 13... h6
{[%clk 01:32:23]  [%emt 00:00:52]} 14. Nh3 { [%clk 01:35:37]  [%emt 00:00:05]}
14... O-O {[%clk 01:32:03]  [%emt 00:00:49]} 15. Nd2 {[%clk 01:35:45]  [%emt
00:00:23]} 15... exf3 { [%clk 01:32:11]  [%emt 00:00:22]} 16. Nxf3 {[%clk
01:36:03]  [%emt 00:00:11]} 16... Qd7 {[%clk 01:31:32]  [%emt 00:01:08]} 17.
Nf4 { [%clk 01:34:17]  [%emt 00:02:16]} 17... Bd6 {[%clk 01:17:58]  [%emt
00:14:04]} 18. Ng6 {[%clk 01:15:03]  [%emt 00:19:44]} 18... Rfe8 { [%clk
01:15:19]  [%emt 00:03:08]} 19. Bf4 {[%clk 01:14:46]  [%emt 00:00:47]} 19...
Bxf4 {[%clk 01:12:47]  [%emt 00:03:03]} 20. Nxf4 { [%clk 01:15:11]  [%emt
00:00:06]} 20... Rxe1+ {[%clk 00:58:53]  [%emt 00:14:24] } 21. Rxe1 {[%clk
01:15:33]  [%emt 00:00:08]} 21... Re8 { [%clk 00:58:45]  [%emt 00:00:38]} 22.
Ne5 {[%clk 01:14:51]  [%emt 00:01:12]} 22... Nxe5 {[%clk 00:56:12]  [%emt
00:03:03]} 23. dxe5 { [%clk 01:15:10]  [%emt 00:00:11]} 23... Ng4 {[%clk
00:37:07]  [%emt 00:19:34]} 24. e6 {[%clk 01:12:27]  [%emt 00:03:13]} 24... Qd6
{ [%clk 00:36:41]  [%emt 00:00:56]} 25. g3 {[%clk 01:11:31]  [%emt 00:01:27]}
25... c6 {[%clk 00:21:14]  [%emt 00:15:57]} 26. Qg6 { [%clk 01:03:01]  [%emt
00:09:00]} 26... Qc5+ {[%clk 00:21:10]  [%emt 00:00:33]} 27. Kh1 {[%clk
01:02:42]  [%emt 00:00:51]} 27... Nf2+ { [%clk 00:21:32]  [%emt 00:00:07]} 28.
Kg2 {[%clk 01:03:05]  [%emt 00:00:07]} 28... Re7 {[%clk 00:21:37]  [%emt
00:00:25]} 29. Qf5 { [%clk 01:00:06]  [%emt 00:03:29]} 29... Ne4 {[%clk
00:18:09]  [%emt 00:03:58]} 30. Rxe4 {[%clk 00:58:54]  [%emt 00:01:42]} 1-0

[Event "DVM U20w 2020"]
[Site "Willingen GER"]
[Date "2021.06.25"]
[Round "4"]
[White "Schneider, Katharina"]
[Black "Pohle, Saskia"]
[Result "1-0"]
[Termination "normal"]
[Board "1.2"]
[WhiteElo "1744"]
[BlackElo "1815"]
[WhiteClock "00:01:36"]
[BlackClock "00:33:17"]
[WhiteTeam "OSG Baden-Baden"]
[BlackTeam "USV Halle"]
[PlyCount "77"]
[WhiteFideId "16200519"]
[BlackFideId "16201604"]
[EventCountry "GER"]
[EventRounds "7"]
[EventType "team-swiss"]
[EventDate "2021.06.23"]

1. e4 {[%clk 01:30:57]  [%emt 00:00:03]} 1... e5 { [%clk 01:30:57]  [%emt
00:00:04]} 2. Nf3 {[%clk 01:31:22]  [%emt 00:00:05]} 2... Nc6 {[%clk 01:31:23] 
[%emt 00:00:04]} 3. d4 { [%clk 01:31:47]  [%emt 00:00:06]} 3... exd4 {[%clk
01:31:48]  [%emt 00:00:04]} 4. Bc4 {[%clk 01:32:13]  [%emt 00:00:04]} 4... Nf6
{ [%clk 01:32:13]  [%emt 00:00:05]} 5. e5 {[%clk 01:32:39]  [%emt 00:00:05]}
5... d5 {[%clk 01:32:39]  [%emt 00:00:03]} 6. Bb5 {[%clk 01:33:04]  [%emt
00:00:05]} 6... Ne4 {[%clk 01:33:05]  [%emt 00:00:04]} 7. Nxd4 { [%clk
01:33:27]  [%emt 00:00:07]} 7... Bd7 {[%clk 01:33:31]  [%emt 00:00:04]} 8. Bxc6
{[%clk 01:33:49]  [%emt 00:00:08]} 8... bxc6 { [%clk 01:33:58]  [%emt
00:00:04]} 9. O-O {[%clk 01:34:10]  [%emt 00:00:08]} 9... Bc5 {[%clk 01:34:25] 
[%emt 00:00:03]} 10. f3 { [%clk 01:34:29]  [%emt 00:00:11]} 10... Ng5 {[%clk
01:34:50]  [%emt 00:00:05]} 11. f4 {[%clk 01:34:54]  [%emt 00:00:05]} 11... Ne4
{ [%clk 01:35:15]  [%emt 00:00:05]} 12. Be3 {[%clk 01:35:17]  [%emt 00:00:07]}
12... Bb6 {[%clk 01:35:39]  [%emt 00:00:07]} 13. Nd2 { [%clk 01:35:40]  [%emt
00:00:08]} 13... Nxd2 {[%clk 01:36:03]  [%emt 00:00:06]} 14. Qxd2 {[%clk
01:36:05]  [%emt 00:00:04]} 14... c5 { [%clk 01:36:28]  [%emt 00:00:05]} 15.
Nf3 {[%clk 01:36:31]  [%emt 00:00:04]} 15... Bf5 {[%clk 01:36:54]  [%emt
00:00:05]} 16. c3 { [%clk 01:28:12]  [%emt 00:08:48]} 16... O-O {[%clk
01:36:09]  [%emt 00:01:15]} 17. Rad1 {[%clk 01:26:41]  [%emt 00:02:02]} 17...
c6 { [%clk 01:36:18]  [%emt 00:00:21]} 18. Bf2 {[%clk 01:24:43]  [%emt
00:02:28]} 18... Qc7 {[%clk 01:32:07]  [%emt 00:04:41]} 19. b3 { [%clk
01:13:21]  [%emt 00:11:52]} 19... Rad8 {[%clk 01:30:59]  [%emt 00:01:37]} 20.
Qe2 {[%clk 01:08:09]  [%emt 00:05:42]} 20... Rfe8 { [%clk 01:28:13]  [%emt
00:03:16]} 21. Nh4 {[%clk 01:03:40]  [%emt 00:05:00]} 21... Be4 {[%clk
01:28:06]  [%emt 00:00:37]} 22. Qg4 { [%clk 01:01:29]  [%emt 00:02:40]} 22...
Qd7 {[%clk 01:14:27]  [%emt 00:14:09]} 23. Qg5 {[%clk 00:56:41]  [%emt
00:05:18]} 23... h6 { [%clk 01:07:10]  [%emt 00:07:47]} 24. Qg3 {[%clk
00:53:50]  [%emt 00:03:21]} 24... d4 {[%clk 01:05:02]  [%emt 00:02:38]} 25. f5
{ [%clk 00:44:07]  [%emt 00:10:14]} 25... Kh7 {[%clk 01:00:41]  [%emt
00:04:44]} 26. Qf4 {[%clk 00:32:32]  [%emt 00:12:13]} 26... Bc2 { [%clk
00:58:30]  [%emt 00:02:40]} 27. Rd2 {[%clk 00:31:46]  [%emt 00:01:16]} 27... d3
{[%clk 00:58:53]  [%emt 00:00:07]} 28. f6 { [%clk 00:26:35]  [%emt 00:05:41]}
28... Qe6 {[%clk 00:55:39]  [%emt 00:03:43]} 29. Re1 {[%clk 00:22:00]  [%emt
00:05:07]} 29... Bc7 { [%clk 00:50:50]  [%emt 00:05:18]} 30. Qg3 {[%clk
00:08:39]  [%emt 00:13:51]} 30... g6 {[%clk 00:50:58]  [%emt 00:00:22]} 31. Nf3
{ [%clk 00:08:17]  [%emt 00:00:53]} 31... Ba5 {[%clk 00:46:16]  [%emt
00:05:12]} 32. Qh4 {[%clk 00:08:24]  [%emt 00:00:22]} 32... Qf5 { [%clk
00:45:45]  [%emt 00:01:01]} 33. Qc4 {[%clk 00:07:04]  [%emt 00:01:50]} 33...
Qe6 {[%clk 00:43:17]  [%emt 00:02:57]} 34. Qh4 { [%clk 00:07:28]  [%emt
00:00:07]} 34... Qf5 {[%clk 00:43:38]  [%emt 00:00:09]} 35. Be3 {[%clk
00:05:37]  [%emt 00:02:21]} 35... h5 { [%clk 00:40:49]  [%emt 00:03:19]} 36.
Qc4 {[%clk 00:04:25]  [%emt 00:01:41]} 36... Kg8 {[%clk 00:37:44]  [%emt
00:03:36]} 37. Bxc5 { [%clk 00:02:44]  [%emt 00:02:11]} 37... Qe6 {[%clk
00:35:02]  [%emt 00:03:11]} 38. Qf4 {[%clk 00:02:06]  [%emt 00:01:08]} 38...
Qd5 { [%clk 00:33:17]  [%emt 00:02:15]} 39. b4 {[%clk 00:01:36]  [%emt
00:00:59]} 1-0